000 00791nam a2200229Ia 4500
001 944
003 GE_BSU
008 181216s||||||||xx |||||||||||||| ||und||
040 _cGE_BSU
080 _a811.161.1
100 _aКремер,Э.Л.
245 _aИсторический комментарии к современному русскому литературному языку.Ч.1Фонетика
245 _bДля студ.Спецгрупп
260 _aТбилиси
260 _bТбилисский ун-т
260 _c1989
300 _a125стр.
541 _h5л.
653 _aИсторический комментарии к современному русскому литературному языку
653 _aФонетика
942 _cBK
999 _c35103
_d35103